Top 100 popularité personnages Naruto (NARUTOP99) - Statistiques

Statistiques générales
  • Ce quiz a été pris 1 442 fois
  • Le résultat moyen est 47 sur 100
Statistiques - réponses
Place Votes Personnage % Correct
6 182 911 Naruto Uzumaki
100%
8 170 665 Sasuke Uchiha
98%
2 505 014 Itachi Uchiha
96%
3 489 619 Sakura Haruno
96%
5 212 403 Kakashi Hatake
95%
1 792 257 Minato Namikaze
92%
9 144 947 Madara Uchiha
89%
29 21 362 Tsunade
88%
10 144 484 Hinata Hyuga
86%
12 117 825 Jiraya
86%
13 87 838 Shikamaru Nara
85%
11 132 252 Obito Uchiha
84%
23 29 323 Orochimaru
84%
31 19 221 Nagato
83%
15 70 557 Gaara
82%
27 22 096 Tobi
82%
18 49 526 Neji Hyuga
80%
16 66 519 Hashirama Senju
79%
44 10 276 Ino Yamanaka
79%
20 39 325 Rock Lee
78%
14 87 442 Tobirama Senju
77%
86 2 003 Choji Akimichi
75%
45 9 639 Hiruzen Sarutobi
74%
17 56 320 Deidara
72%
35 16 693 Tenten
70%
19 40 732 Sasori
69%
38 13 044 Temari
68%
51 7 051 Kiba Inuzuka
66%
40 10 577 Kisame Hoshigake
66%
22 35 017 Kurama
66%
37 14 322 Konan
65%
54 6 395 Asuma Sarutobi
64%
52 6 499 Killer Bee
64%
56 5 959 Shino Aburame
63%
24 28 910 Hidan
62%
25 27 334 Kushina Uzumaki
61%
46 9 338 Kakuzu
60%
21 37 391 Might Guy
60%
4 279 062 Shisui Uchiha
60%
59 5 082 Kabuto Yakushi
58%
42 10 346 Sai
58%
33 17 553 Kaguya Otsutsuki
57%
62 4 466 Kankuro
57%
100 1 266 Kurenai Yuhi
55%
32 18 498 Zabuza Momochi
54%
61 4 724 Konohamaru Sarutobi
53%
75 2 654 Zetsu
53%
69 2 859 Danzo Shimura
52%
92 1 598
48%
65 3 192 Karin
48%
53 6 496 Rin Nohara
47%
39 10 891 Yamato
47%
34 16 728 Haku
46%
26 26 628 Iruka Umino
45%
60 5 000 Suigetsu Hozuki
41%
55 6 023 Hagoromo Otsutsuki
37%
77 2 553 Shikaku Nara
37%
67 2 926 Akamaru
36%
28 21 541 Fugaku Uchiha
36%
64 3 843 Mei Terumi
36%
76 2 556 Yahiko
36%
50 7 206 Indra Otsutsuki
32%
83 2 078 Shizune
31%
47 8 785 Kimimaro
30%
70 2 849 Darui
29%
83 2 078 Gamabunta
29%
88 1 872 Chiyo
28%
7 170 940 Sakumo Hatake
27%
89 1 808 Hanzo
25%
73 2 660 Utakata
23%
82 2 153 Hanabi Hyuga
22%
90 1 780 Omoi
22%
79 2 477 Anko Mitarashi
21%
68 2 871 Ashura Otsutsuki
21%
93 1 523 Mu
20%
48 8 546 Izuna Uchiha
18%
72 2 700 Yagura
18%
36 15 590 Teuchi
17%
41 10 547 Mito Uzumaki
16%
58 5 449 Tayuya
16%
87 1 958 Pakkun
15%
71 2 746 Samui
15%
57 5 728 Genma Shiranui
14%
81 2 366 Jûbi
14%
91 1 667 Tonton
14%
80 2 378 Mikoto Uchiha
13%
66 3 161 Hamura Otsutsuki
12%
74 2 657 Hayate Gekko
12%
95 1 458 Yugito Nii
12%
97 1 408 Gamatatsu
10%
49 7 990 Might Dai
10%
94 1 488 Gengetsu Hozuki
7%
63 4 061 Kagami Uchiha
7%
30 20 875 Ashina Uzumaki
4%
96 1 440 Enma
4%
43 10 287 Tendô
4%
78 2 545 Hikaku Uchiha
1%
99 1 296 Kohada
1%
85 2 045 Otoha
1%
98 1 300 Ninneko
0%
Aucun quiz correspondant
Distribution des résultats
% des personnes avec chaque résultat
Percentile par nombre de réponses
Votre historique - résultats
Vous n’avez pas pris ce quiz